00620cam a2200205 a 45000010005000000030009000050050017000140080041000310200015000720400038000870820021001251000022001462450061001682600039002293000046002684900038003145000020003526500024003727000018003961987BD-DhUAP20201222151728.0201222s1993 nyuabf b f000 0 eng  a0070165696 aBD-DhUAPcBD-DhUAPdBD-DhUAPbEng a658.4012 DES223 aDess, Gregory G.  aStrategic management /cGregory G. Dess and Alex Miller. aNew York : bMcGraw-Hill, cc1993. axix, 924 pages :billustrations ;c24 cm. aMcGraw-Hill series in management. aIncludes index. aStrategic planning. aMiller, Alex.